Helluva Boss - Virtuose (Mastermind) - Paroles - Statistiques

Statistiques générales
  • Ce quiz a été pris 21 fois
  • Le résultat moyen est 136 sur 330
Statistiques - réponses
Paroles % Correct
J'
82%
j'
82%
l'
82%
ma
82%
Ma
82%
Je
73%
je
73%
virtuose
73%
à
64%
a
64%
accouru
64%
accusé
64%
ai
64%
C'
64%
crime
64%
d'
64%
diablotin
64%
diablotin,
64%
Et
64%
et
64%
était
64%
le
64%
Le
64%
qu'
64%
Qu'
64%
su
64%
t
64%
t'
64%
un
64%
Un
64%
au
55%
de
55%
dès
55%
des
55%
en
55%
maître
55%
Maître
55%
mon
55%
odieux
55%
pour
55%
que
55%
Qui
55%
qui
55%
suis
55%
ce
45%
Ce
45%
Celui
45%
destin
45%
du
45%
est
45%
Est
45%
genre
45%
grand
45%
il
45%
il ?
45%
Il
45%
la
45%
les
45%
loi
45%
lumière
45%
misérable ?
45%
n'
45%
N'
45%
paie
45%
perd
45%
prix.
45%
se
45%
te
45%
tu
45%
amour
36%
avant
36%
avouer
36%
bien...
36%
bien
36%
Bien
36%
Enfers
36%
fait ?
36%
fait
36%
flammes ?
36%
fou
36%
grande
36%
légères
36%
Lucifer
36%
Me
36%
merde !!
36%
mérite
36%
mes
36%
mobile ?
36%
moi
36%
moi,
36%
ne
36%
Notre
36%
36%
Prince
36%
quel
36%
règles,
36%
règner
36%
sa
36%
si
36%
Si
36%
son
36%
ton
36%
Ton
36%
tout
36%
univers
36%
vous
36%
Voyez
36%
adorable ?
27%
arrivée
27%
as
27%
Auprès
27%
autre
27%
autres
27%
avons
27%
brises
27%
ça ?
27%
ça !
27%
clairvoyance
27%
coupable
27%
démesuré
27%
Donc
27%
fais
27%
fardeau
27%
grandes
27%
intrigues
27%
jeu
27%
liberté
27%
lieux
27%
mort
27%
nous
27%
Nous
27%
orgueil
27%
pas
27%
pas !
27%
pénétrer
27%
Pensez
27%
perdre
27%
Petite
27%
Quand
27%
regrette
27%
sauver
27%
sont
27%
souris
27%
Stolas
27%
sublime ?
27%
temps
27%
tes
27%
tient
27%
toi
27%
toute
27%
vie,
27%
vie
27%
virtuosité ?
27%
vois !
27%
affront
18%
allé
18%
âme ?
18%
bouffon
18%
ces
18%
cet
18%
cette
18%
chercher
18%
choisis
18%
chose
18%
cœur
18%
côtés
18%
dans
18%
démon
18%
érudit
18%
été
18%
Éxecuterez
18%
fruit
18%
goétique
18%
gronde
18%
idiot
18%
jouer
18%
larve,
18%
loin
18%
Même
18%
Non !
18%
Non,
18%
notres
18%
Oh
18%
oppose
18%
ose
18%
Oui,
18%
par
18%
peut
18%
peux
18%
plan
18%
plus
18%
prêt
18%
rage
18%
ratés !
18%
récolte
18%
Sans
18%
sans
18%
sème
18%
stupide
18%
tolérer
18%
tombe,
18%
tous
18%
trahis
18%
trop
18%
une
18%
vaurien
18%
vérité ?
18%
voilà !
18%
y
18%
Cessera
9%
concocterait
9%
grâce
9%
grimoire,
9%
incapable,
9%
peine,
9%
quelle
9%
donnerai
0%
rênes
0%
sacrifierai
0%
Aucun quiz correspondant
Distribution des résultats
% des personnes avec chaque résultat
Percentile par nombre de réponses
Votre historique - résultats
Vous n’avez pas pris ce quiz